|
|
|
|
| LEADER |
01183nam a2200289 a 4500 |
| 001 |
18987 |
| 003 |
BD-DhAAL |
| 008 |
090812s2007 enka b 001 0 eng d |
| 010 |
|
|
|a \\2008371368
|
| 020 |
|
|
|a 9781853396472 (pbk.)
|
| 020 |
|
|
|a 1853396478 (pbk.)
|
| 040 |
|
|
|a UKM
|c UKM
|d BTCTA
|d BAKER
|d YDXCP
|d BWKUK
|d NLGGC
|d IXA
|d DLC
|d BD-DhAAL
|
| 082 |
0 |
4 |
|a 307.14
|2 22
|
| 245 |
0 |
0 |
|a Springs of participation :
|b creating and evolving methods for participatory development /
|c edited by Karen Brock and Jethro Pettit.
|
| 260 |
|
|
|a Rugby, UK :
|b Practical Action,
|c c2007.
|
| 300 |
|
|
|a xv, 209 pages :
|b illustrations ;
|c 24 cm.
|
| 504 |
|
|
|a Includes bibliographical references (pages [199]-204) and index.
|
| 541 |
1 |
|
|e 18987
|
| 650 |
|
0 |
|a Community development.
|
| 650 |
1 |
7 |
|a Economische ontwikkeling.
|2 gtt
|9 54516
|
| 650 |
1 |
7 |
|a Participatie.
|2 gtt
|9 54807
|
| 700 |
1 |
|
|a Brock, Karen.
|9 54808
|
| 700 |
1 |
|
|a Pettit, Jethro.
|9 54809
|
| 852 |
4 |
|
|a Ayesha Abed Library
|c General Stacks
|
| 942 |
|
|
|2 ddc
|c BK
|
| 999 |
|
|
|c 3210
|d 3210
|
| 952 |
|
|
|0 0
|1 0
|2 ddc
|4 0
|6 307_140000000000000_SPR
|7 0
|9 2906
|a BIGD
|b BIGD
|c GEN
|d 2009-08-30
|l 0
|o 307.14 SPR
|p 3050018987
|r 2009-08-30
|t 1
|w 2009-08-30
|y BK
|x Transferred from BDI to BIGD.
|